|
|
|
|
| LEADER |
01489nam a2200325 4500 |
| 001 |
c000137630 |
| 003 |
CARM |
| 005 |
00000000000000.0 |
| 008 |
710610m19701974enk b 00100 eng |
| 015 |
|
|
|a B70-18642 (v. 1)
|
| 019 |
1 |
|
|a 306988
|z 45195603
|5 LACONCORD2021
|
| 020 |
|
|
|a 0719003547(v.1)
|
| 035 |
|
|
|a (OCoLC)144761
|5 LACONCORD2021
|
| 050 |
0 |
0 |
|a U21.2
|b .F682
|
| 245 |
0 |
4 |
|a The Fourth dimension of warfare;
|c edited by Michael Elliott-Bateman.
|
| 260 |
|
|
|a Manchester,
|b Manchester U.P.,
|c 1970-74.
|
| 300 |
|
|
|a 2 v.
|c 21 cm.
|
| 500 |
|
|
|a Vol. 2 published by Manchester University Press, Manchester, Eng. and Rowman and Littlefield, Totowa, N.J.
|
| 504 |
|
|
|a Includes bibliographical references.
|
| 505 |
1 |
|
|a v. 1. Intelligence, subversion, resistance, by S. G. F. Brandon [and others]--v. 2. Revolt to revolution: studies in the 19th and 20th century European experience, by M. Elliott-Bateman [and others]
|
| 650 |
|
0 |
|a War.
|
| 650 |
|
0 |
|a Violence.
|
| 650 |
|
0 |
|a Revolutions.
|
| 700 |
2 |
0 |
|a Elliott-Bateman, Michael,
|e ed.
|
| 852 |
8 |
|
|b CARM
|h A2:AF25E0
|i B01407
|p 0066797
|f BK
|
| 852 |
8 |
|
|b CARM
|h A2:AF29E0
|i B01411
|p 0066795
|f BK
|
| 082 |
0 |
4 |
|a 355.02/184
|
| 999 |
f |
f |
|i 482e6231-0d7d-5e23-bcc7-81c523454913
|s 1e156aff-1316-5f8a-986c-0beab55bfd7e
|
| 952 |
f |
f |
|p Can circulate
|a CAVAL
|b CAVAL
|c CAVAL
|d CARM 1 Store
|e B01407
|f A2:AF25E0
|h Other scheme
|i book
|j v.1 held
|m 0066797
|
| 952 |
f |
f |
|p Can circulate
|a CAVAL
|b CAVAL
|c CAVAL
|d CARM 1 Store
|e B01411
|f A2:AF29E0
|h Other scheme
|i book
|j v.2 held
|m 0066795
|